00681 2200253 4500001002100000005001500021020001800036035002400054040001200078082001400090084001800104090001800122100002100140245010100161250001000262260004100272300002700313650001500340700001200355850001200367990001600379990001600395990001600411YOGYA00000000009914120140823123440 a979-9289-45-9 0010-101300000000025 aYOPDYOG 2[22]a306 aNUS 306 Han M aNUS 306 Han M0 a0#aHANS J.DAENG aManusia kebudayaan dan Lingkungan :btinjauan antropologis /cHans J.Daeng ; penyunting, Kamdani aCet.4 aYogyakarta :bPustaka Pelajar,c2012 axiv, 341 hlm. ; 21 cm. aKebudayaan aHamdani aYOPDYOG a0781/B.2013 a0782/B.2013 a0783/B.2013